NFL Hall of Famers - Statistics

General Stats
  • This quiz has been taken 594 times
    241 since last reset
  • The average score is 148 of 382
Answer Stats
Year Inducted Answer % Correct
2010 Emmitt Smith
91%
2009 Bruce Smith
90%
1994 Jackie Smith
88%
2010 Jerry Rice
87%
2021 Calvin Johnson
86%
2021 Peyton Manning
86%
2024 Andre Johnson
84%
1971 Jim Brown
84%
1994 | 2020 Jimmy Johnson
84%
1987 John Henry Johnson
84%
2000 Joe Montana
81%
1967 Paul Brown
81%
2015 Tim Brown
81%
2004 Bob "Boomer" Brown
80%
2016 Brett Favre
80%
2017 Jerry Jones
80%
1975 Roosevelt Brown
80%
1984 Willie Brown
80%
1980 David "Deacon" Jones
78%
2002 Jim Kelly
78%
2018 Ray Lewis
78%
1991 Stan Jones
78%
1989 Terry Bradshaw
78%
2014 Walter Jones
78%
2004 Barry Sanders
77%
1987 Joe Greene
77%
2018 Randy Moss
77%
2011 Deion Sanders
75%
2017 LaDainian Tomlinson
75%
2013 Larry Allen
75%
1999 Lawrence Taylor
75%
1994 Leroy Kelly
75%
2022 Bryant Young
74%
2020 Cliff Harris
74%
2008 Darrell Green
74%
1990 Franco Harris
74%
2002 George Allen
74%
2020 George Young
74%
2025 Jared Allen
74%
2017 Jason Taylor
74%
1985 Joe Namath
74%
2016 Kevin Greene
74%
2003 Marcus Allen
74%
2005 Steve Young
74%
2006 Troy Aikman
74%
2023 Zach Thomas
74%
1977 Bart Starr
72%
1984 Charley Taylor
72%
2007 Charlie Sanders
72%
2009 Derrick Thomas
72%
2008 Emmitt Thomas
72%
1976 Jim Taylor
72%
2023 Joe Thomas
72%
2004 John Elway
72%
2006 Reggie White
72%
2007 Thurman Thomas
72%
2005 Dan Marino
71%
2017 Kurt Warner
71%
1994 Randy White
71%
1993 Walter Payton
71%
2014 Andre Reed
70%
2019 Ed Reed
70%
2016 Marvin Harrison
70%
2010 Rickey Jackson
70%
2011 Marshall Faulk
67%
1985 OJ Simpson
67%
2014 Aeneas Williams
65%
2020 Edgerrin "Edge" James
65%
1986 Fran Tarkenton
65%
1979 Johnny Unitas
65%
1992 Al Davis
64%
2011 Shannon Sharpe
64%
2017 Terrell Davis
64%
1981 Willie Davis
64%
1985 Roger Staubach
62%
2025 Sterling Sharpe
62%
2007 Michael Irvin
61%
2021 Charles Woodson
59%
1993 Dan Fouts
59%
2016 Ken Stabler
59%
1988 Mike Ditka
59%
1989 Willie Wood
59%
1999 Eric Dickerson
58%
2015 Jerome Bettis
58%
1963 "Slingin" Sammy Baugh
58%
1966 Steve Owen
58%
1971 Vince Lombardi
58%
1998 Anthony Muñoz
57%
1991 Earl Campbell
57%
1987 Len Dawson
57%
2017 Morten Andersen
57%
2009 Rod Woodson
57%
1995 Steve Largent
57%
2012 Dermontti Dawson
55%
2020 Isaac Bruce
55%
2006 Warren Moon
55%
2012 Curtis Martin
54%
1997 Don Shula
54%
2020 Troy Polamalu
54%
1967 Bobby Layne
52%
2018 Brian Urlacher
52%
2025 Eric Allen
52%
1977 Gale Sayers
52%
2019 Tony Gonzalez
52%
1963 George Halas
51%
2006 John Madden
51%
1965 Otto Graham
51%
2013 Warren Sapp
51%
1988 Alan Page
49%
1993 Chuck Noll
49%
1963 Harold "Red" Grange
49%
1988 Jack Ham
49%
1990 Jack Lambert
49%
2021 John Lynch
49%
2001 Lynn Swann
49%
1998 Mike Singletary
49%
2000 Ronnie Lott
49%
2018 Terrell Owens
49%
2013 Cris Carter
48%
2014 Derrick Brooks
48%
1992 John Riggins
48%
1995 Kellen Winslow
48%
1978 Larry Wilson
48%
2009 Ralph Wilson Jr.
48%
1990 Bob Griese
46%
2023 Darrelle Revis
46%
1979 Dick Butkus
46%
1974 Dick "Night Train" Lane
46%
2015 Junior Seau
46%
1997 Mike Webster
46%
2023 Ronde Barber
46%
2019 Ty Law
46%
1963 Earl "Curly" Lambeau
45%
1989 Mel Blount
45%
2025 Antonio Gates
43%
2020 Bill Cowher
43%
2007 Bruce Matthews
43%
1977 Forrest Gregg
43%
1978 Lance Alworth
43%
2014 Ray Guy
43%
1994 Tony Dorsett
43%
1993 Bill Walsh
42%
2024 Devin Hester
42%
1980 Jim Otto
42%
2002 John Stallworth
42%
2013 Jonathan Ogden
42%
1987 Larry Csonka
42%
2014 Michael Strahan
42%
1978 Ray Nitschke
42%
1990 Tom Landry
42%
2008 Art Monk
41%
1974 Bill George
41%
1963 Don Hutson
41%
1987 Gene Upshaw
41%
1963 George Preston Marshall
41%
2016 Orlando Pace
41%
2018 Brian Dawkins
39%
1963 Earl "Dutch" Clark
39%
2008 Fred Dean
39%
1996 Joe Gibbs
39%
1982 Merlin Olsen
39%
2024 Patrick Willis
39%
1973 Raymond Berry
39%
2024 Steve McMichael
39%
1971 Y.A. Tittle
39%
1989 Art Shell
38%
1963 Bronko Nagurski
38%
2013 Dave Robinson
38%
1986 Doak Walker
38%
2020 Donnie Shell
38%
2021 Drew Pearson
38%
1963 John "Blood" McNally
38%
2019 Johnny Robinson
38%
2024 Julius Peppers
38%
1975 Lenny Moore
38%
1971 Norm Van Brocklin
38%
1983 Sonny Jurgensen
38%
1977 Bill Willis
36%
2019 Champ Bailey
36%
1988 Fred Biletnikoff
36%
2020 Harold Carmichael
36%
1969 Joe Perry
36%
1995 Lee Roy Selmon
36%
1981 George Blanda
35%
2001 Jack Youngblood
35%
1991 John Hannah
35%
1965 Sid Luckman
35%
2020 Steve Atwater
35%
2020 Winston Hill
35%
1963 Bert Bell
33%
1983 Bobby Bell
33%
1980 Bob Lilly
33%
1987 Don Maynard
33%
2000 Howie Long
33%
1963 Jim Thorpe
33%
2001 Marv Levy
33%
1990 Ted Hendricks
33%
2021 Bill Nunn
32%
2013 Bill Parcells
32%
1994 Bud Grant
32%
2015 Charles Haley
32%
1972 Clarence "Ace" Parker
32%
2012 Cortez Kennedy
32%
2002 Dave Casper
32%
2003 Hank Stram
32%
2003 James Lofton
32%
1991 Jan Stenerud
32%
1973 Jim Parker
32%
2010 John Randle
32%
1981 Morris "Red" Badgro
32%
1999 Ozzie Newsome
32%
1967 Chuck Bednarik
30%
1996 Dan Dierdorf
30%
2002 Dan Hampton
30%
1998 Dwight Stephenson
30%
2010 Floyd Little
30%
1986 Ken Houston
30%
1993 Larry Little
30%
2011 Richard Dent
30%
1977 Frank Gifford
29%
2008 Gary Zimmerman
29%
1980 Herb Adderley
29%
2012 Jack Butler
29%
2022 LeRoy Butler
29%
2006 Rayfield Wright
29%
1999 Tom Mack
29%
2016 Tony Dungy
29%
2008 Andre Tippett
28%
2009 "Bullet" Bob Hayes
28%
1996 Charlie Joiner
28%
1966 Clyde "Bulldog" Turner
28%
1967 Dan Reeves
28%
2018 Jerry Kramer
28%
2017 Kenny Easley
28%
1972 Lamar Hunt
28%
1997 Mike Haynes
28%
2010 Russ Grimm
28%
2020 Steve Hutchinson
28%
2015 Will Shields
28%
1983 Bobby Mitchell
26%
1968 Elroy "Crazylegs" Hirsch
26%
2006 Harry Carson
26%
2020 Jimbo Covert
26%
2001 Nick Buoniconti
26%
1998 Paul Krause
26%
1983 Paul Warfield
26%
1963 Tim Mara
26%
1997 Wellington Mara
26%
2012 Willie Roaf
26%
2020 Alex Karras
25%
2004 Carl Eller
25%
2022 Cliff Branch
25%
2020 Duke Slater
25%
1995 Henry Jordan
25%
2001 Jackie Slater
25%
1990 Junious "Buck" Buchanan
25%
1998 Tommy McDonald
25%
2022 Art McNally
23%
1999 Billy Shaw
23%
2012 Chris Doleman
23%
2013 Curley Culp
23%
2022 Dick Vermeil
23%
1982 Doug Atkins
23%
2024 Dwight Freeney
23%
1976 Len Ford
23%
2001 Mike Munchak
23%
2009 Randall McDaniel
23%
2001 Ron Yary
23%
1982 Sam Huff
23%
2021 Tom Flores
23%
1978 Weeb Ewbank
23%
1968 Art Donovan
22%
1964 Art Rooney
22%
2023 DeMarcus Ware
22%
2021 Alan Faneca
22%
2022 Tony Boselli
22%
2003 Joe DeLamielleure
22%
2023 Joe Klecko
22%
1974 Lou "the Toe" Groza
22%
1968 Marion Motley
22%
1996 Mel Renfro
22%
1986 Paul Hornung
22%
2022 Richard Seymour
22%
2007 Roger Wehrli
22%
1986 Willie Lanier
22%
2000 Dan Rooney
20%
2016 Edward DeBartolo Jr.
20%
2003 Elvin Bethea
20%
1972 Gino Marchetti
20%
1963 Joe Carr
20%
1963 Mel Hein
20%
1985 Pete Rozelle
20%
2024 Randy Gradishar
20%
2022 Sam Mills
20%
1965 Steve Van Buren
20%
1969 Albert Glen "Turk" Edwards
19%
2010 Dick LeBeau
19%
1987 Jim Langer
19%
1992 John Mackey
19%
1992 Lem Barney
19%
1991 Tex Schramm
19%
2020 Bobby Dillon
17%
2015 Mick Tingelhoff
17%
2018 Robert Brazile
17%
1963 Robert "Cal" Hubbard
17%
1979 Rox Mix
17%
2011 Chris Hanburger
16%
2023 Chuck Howley
16%
2014 Claude Humphrey
16%
2023 Don Coryell
16%
2005 Fritz Pollard
16%
1970 Hugh McElhenny
16%
1966 Hugh "Shorty" Ray
16%
1981 Jim Ringo
16%
2019 Kevin Mawae
16%
1972 Ollie Matson
16%
1970 Tom Fears
16%
1963 Wilbur "Pete" Henry
16%
1979 Yale Lary
16%
1990 Bob St. Clair
14%
1965 Bob Waterfield
14%
1964 Clark Hinkle
14%
2023 Ken Riley
14%
2020 Paul Tagliabue
14%
1971 Andy Robustelli
13%
1966 Arnie Herber
13%
1965 Dan Fortmann
13%
2000 Dave Wilcox
13%
2011 Ed Sabol
13%
1967 Elmen Tunnell
13%
2019 Gil Brandt
13%
1964 Jimmy Conzelman
13%
1965 John "Paddy" Driscoll
13%
1996 Lou Creekmur
13%
2019 Pat Bowlen
13%
2020 Steve Sabol
13%
2018 Bobby Beathard
12%
1967 Charles W. Bidwill, Sr.
12%
2020 Ed Sprinkle
12%
2007 Gene Hickerson
12%
1973 Joe Schmidt
12%
1967 Ken Strong
12%
1964 Mike Michalske
12%
2015 Ron Wolf
12%
1983 Sid Gillman
12%
1978 Alphonse "Tuffy" Leemans
10%
2015 Bill Polian
10%
1968 Cliff Battles
10%
2016 Dick Stanfel
10%
1963 Ernie Nevers
10%
1982 George Musso
10%
1970 Jack Christiansen
10%
1969 Leo Nomellini
10%
2020 Mac Speedie
10%
1974 Tony Canadeo
10%
1984 Arnie Weinmeister
9%
2005 Benny Friedman
9%
1968 Charley Trippi
9%
1969 Erinie Stautner
9%
1985 Frank Gatski
9%
1967 Joe Stydahar
9%
1970 Pete Pihos
9%
1966 Bill Dudley
7%
1971 Bill Hewitt
7%
1969 Earle "Greasy" Neale
7%
2011 Les Richter
7%
1968 Wayne Millner
7%
1975 Dante Lavelli
6%
1964 Ed Healey
6%
1975 George Connor
6%
1966 George McAfee
6%
1965 Guy Chamberlin
6%
1995 Jim Finks
6%
1966 Joe Guyon
6%
1966 Walt Kiesling
6%
1971 Frank "Bruiser" Kinard
4%
1976 Ray Flaherty
4%
1964 William Roy "Link" Lyman
4%
1968 Alex Wojciechowicz
3%
1964 George Trafton
3%
1984 Mike McCormack
3%
No matching quizzes found
Score Distribution
Percent of People with Each Score
Percentile by Number Answered
Your Score History
You have not taken this quiz since the last reset